[Event "Malaga op-13"]
[Site "Malaga"]
[Date "2010.02.22"]
[Round "4.37"]
[White "Antunez Munoz, Juan Jesus"]
[Black "Moreno Alberti, Manuel Maria"]
[Result "0-1"]
[WhiteElo "1753"]
[BlackElo "1971"]
[PlyCount "70"]
[EventDate "2010.02.20"]

1. e4 c5 2. Nf3 d6 3. g3 g6 4. Bg2 Bg7 5. O-O Nc6 6. Re1 Qc7 7. c3 e5 8. d3
Nge7 9. Na3 a6 10. Nc4 b5 11. Ne3 b4 12. Nd2 O-O 13. Ndc4 Rb8 14. Nd5 Nxd5 15.
exd5 Ne7 16. Bg5 f6 17. Be3 Bb7 18. cxb4 Nxd5 19. bxc5 dxc5 20. Rc1 Rfd8 21. b3
Nb4 22. Nb2 Bxg2 23. Kxg2 Nxa2 24. Rxc5 Qb7+ 25. Kg1 Bf8 26. Ra5 Nb4 27. Qg4
Qd7 28. Qh4 Be7 29. Bh6 Rbc8 30. Ra4 Rc2 31. Bc1 Qf5 32. g4 Qc8 33. Nc4 Nxd3
34. Ba3 Nxe1 35. Bxe7 Nf3+ 0-1

[Event "Malaga op-13"]
[Site "Malaga"]
[Date "2010.02.22"]
[Round "4.39"]
[White "Alba Atencia, Jose Antonio"]
[Black "Brown, David"]
[Result "1/2-1/2"]
[WhiteElo "1745"]
[BlackElo "1918"]
[PlyCount "65"]
[EventDate "2010.02.20"]

1. d4 d5 2. c4 e6 3. Nc3 Nf6 4. Bg5 Nbd7 5. e3 Be7 6. Nf3 O-O 7. Rc1 c6 8. cxd5
Nxd5 9. Bxe7 Qxe7 10. Bc4 N5b6 11. Bb3 e5 12. dxe5 Nxe5 13. Nxe5 Qxe5 14. O-O
Be6 15. Qc2 Rad8 16. Rfd1 Bg4 17. Rxd8 Rxd8 18. Qe4 Qxe4 19. Nxe4 h6 20. f3 Bf5
21. Ng3 Bc8 22. Rd1 Rxd1+ 23. Bxd1 Kf8 24. Kf2 Be6 25. b3 Nd5 26. Bc2 b6 27.
Ne2 c5 28. e4 Nb4 29. Bb1 Ke7 30. Nf4 Bd7 31. Nd3 Nc6 32. Ke3 Kd6 33. Nf4
1/2-1/2

[Event "Malaga op-13"]
[Site "Malaga"]
[Date "2010.02.22"]
[Round "4.40"]
[White "Barroso Campos, Manuel"]
[Black "Anillo Fernandez, Isabel Maria"]
[Result "1-0"]
[WhiteElo "1910"]
[BlackElo "1453"]
[PlyCount "121"]
[EventDate "2010.02.20"]

1. e4 c5 2. Nf3 Nc6 3. d4 cxd4 4. Nxd4 Nf6 5. Nc3 e5 6. Ndb5 d6 7. Bg5 a6 8.
Na3 b5 9. Nd5 Be7 10. Bxf6 Bxf6 11. c3 Bg5 12. Nc2 O-O 13. Bd3 Ne7 14. Nce3
Bxe3 15. Nxe3 Bb7 16. O-O d5 17. Qc2 dxe4 18. Bxe4 Bxe4 19. Qxe4 Qc7 20. Rad1
Rad8 21. g3 Qc5 22. Qb7 a5 23. b4 axb4 24. cxb4 Qxb4 25. Rb1 Qd6 26. Rfd1 Rb8
27. Qe4 Qe6 28. Rb3 f6 29. Rdb1 Rfc8 30. a4 f5 31. Qd3 Rd8 32. Qe2 f4 33. Ng2
Qf6 34. axb5 Kh8 35. Qf3 Nd5 36. Qe4 Rbc8 37. Re1 fxg3 38. hxg3 Qf7 39. Qxe5
Nf4 40. Qb2 Nh3+ 41. Kf1 Qc4+ 42. Re2 Rd1+ 43. Ne1 Rf8 44. f3 Qc5 45. Kg2 Qg1+
46. Kxh3 Qh1+ 47. Kg4 h5+ 48. Kg5 Rd5+ 49. Re5 Qg1 50. f4 Qc5 51. Kxh5 Rf5+ 52.
Kg4 Rfxe5 53. fxe5 Rxe5 54. Nf3 Rh5 55. Nh4 Rg5+ 56. Kh3 Qg1 57. Qg2 Qd1 58.
Rf3 Qd7+ 59. Kh2 Rxb5 60. Rf8+ Kh7 61. Qc2+ 1-0

[Event "Malaga op-13"]
[Site "Malaga"]
[Date "2010.02.22"]
[Round "4.42"]
[White "Ladron De Guevara Bravo, Fermin"]
[Black "Garzon Rodriguez, Jose Manuel"]
[Result "0-1"]
[WhiteElo "1696"]
[BlackElo "1909"]
[PlyCount "44"]
[EventDate "2010.02.20"]

1. e4 d6 2. d4 Nf6 3. Be3 Nxe4 4. Bc4 d5 5. Bd3 Nf6 6. Nc3 c6 7. h3 e6 8. Nf3
Nbd7 9. Qd2 Bb4 10. a3 Bd6 11. O-O-O b5 12. Bf4 Qc7 13. Bxd6 Qxd6 14. Na2 a5
15. Rde1 Nb6 16. Qg5 O-O 17. Qh4 Nc4 18. g4 Qf4+ 19. Kb1 Qxf3 20. g5 Ne4 21.
Rxe4 Qxh1+ 22. Nc1 dxe4 0-1

[Event "Malaga op-13"]
[Site "Malaga"]
[Date "2010.02.22"]
[Round "4.44"]
[White "Perez Guerra, Alberto"]
[Black "Anaya Lopez, Gonzalo Javier"]
[Result "1/2-1/2"]
[WhiteElo "1670"]
[BlackElo "1872"]
[PlyCount "56"]
[EventDate "2010.02.20"]

1. d4 Nf6 2. Nf3 d5 3. e3 g6 4. Bd3 Bg7 5. b3 O-O 6. Bb2 c5 7. O-O Nc6 8. Ne5
Qc7 9. f4 Ne4 10. Nd2 Nxd2 11. Qxd2 Qb6 12. c3 Be6 13. Be2 f6 14. Nd3 cxd4 15.
cxd4 Bf7 16. Kh1 Rfe8 17. Rae1 Rad8 18. g4 e5 19. Nf2 a5 20. g5 exf4 21. exf4
fxg5 22. Ng4 Be6 23. fxg5 Bxg4 24. Bxg4 Nxd4 25. Qf2 Rf8 26. Bxd4 Bxd4 27. Be6+
Kg7 28. Qg2 Rxf1+ 1/2-1/2

[Event "Malaga op-13"]
[Site "Malaga"]
[Date "2010.02.23"]
[Round "5.1"]
[White "Strikovic, Aleksa"]
[Black "Ortiz Suarez, Isan Reynaldo"]
[Result "0-1"]
[WhiteElo "2531"]
[BlackElo "2527"]
[PlyCount "130"]
[EventDate "2010.02.20"]

1. c4 c5 2. Nf3 Nc6 3. Nc3 g6 4. e3 Nf6 5. d4 cxd4 6. exd4 d5 7. cxd5 Nxd5 8.
Bc4 Nb6 9. Bb5 Bg7 10. Ne5 O-O 11. Nxc6 bxc6 12. Bxc6 Ba6 13. a4 Rc8 14. Bb5
Bxb5 15. axb5 Bxd4 16. O-O Nc4 17. Qb3 Qc7 18. Ra6 Qc5 19. Ne4 Qe5 20. Ng5 Bb6
21. Nf3 Qe2 22. Ra1 Rfe8 23. Qb4 Nd6 24. Bg5 Qxb5 25. Qxb5 Nxb5 26. Be3 Rc2 27.
Bxb6 axb6 28. Ra6 Rb8 29. Rb1 f6 30. h4 h5 31. Ra4 Kf7 32. Nd4 Nxd4 33. Rxd4
Rbc8 34. Rb4 R8c6 35. b3 e5 36. g3 Rc1+ 37. Rxc1 Rxc1+ 38. Kg2 Rc6 39. Kf3 Ke6
40. Ke3 Kd5 41. Rb5+ Kd6 42. Rb4 Kc7 43. Kd2 Rd6+ 44. Kc2 Rd5 45. Re4 Kd6 46.
Re1 Ke6 47. Kc3 Kf5 48. f3 Rd4 49. Ra1 b5 50. b4 Rc4+ 51. Kb3 Rc6 52. Rd1 g5
53. hxg5 fxg5 54. Rh1 Kg6 55. Re1 Rf6 56. Re3 h4 57. gxh4 gxh4 58. Rxe5 h3 59.
Re8 Kg5 60. f4+ Kxf4 61. Rh8 Kg3 62. Rg8+ Kf2 63. Kc3 h2 64. Rh8 Rf3+ 65. Kd4
Kg2 0-1

[Event "Malaga op-13"]
[Site "Malaga"]
[Date "2010.02.23"]
[Round "5.2"]
[White "Arribas Lopez, Angel"]
[Black "Korneev, Oleg"]
[Result "1/2-1/2"]
[WhiteElo "2441"]
[BlackElo "2573"]
[PlyCount "71"]
[EventDate "2010.02.20"]

1. e4 c5 2. Nf3 Nc6 3. d4 cxd4 4. Nxd4 Nf6 5. Nc3 d6 6. Bg5 e6 7. Qd2 Be7 8.
O-O-O O-O 9. Nb3 Qb6 10. f3 Rd8 11. Nb5 Rd7 12. Qe1 a6 13. N5d4 a5 14. a4 d5
15. e5 Ne8 16. Bxe7 Rxe7 17. Qh4 Qd8 18. Bd3 h6 19. f4 Bd7 20. g4 Nxd4 21. Nxd4
Bxa4 22. g5 Rc7 23. Rhg1 Qe7 24. f5 Rac8 25. b3 Bxb3 26. Nxb3 exf5 27. Qa4 b5
28. Qxa5 Qxe5 29. gxh6 g6 30. Kb1 Nd6 31. Qb6 Ne4 32. Rde1 Nc3+ 33. Kc1 Na2+
34. Kb1 Nc3+ 35. Kc1 Na2+ 36. Kb1 1/2-1/2

[Event "Malaga op-13"]
[Site "Malaga"]
[Date "2010.02.23"]
[Round "5.4"]
[White "Fenollar Jorda, Manuel"]
[Black "Recuero Guerra, David"]
[Result "1/2-1/2"]
[WhiteElo "2328"]
[BlackElo "2480"]
[PlyCount "40"]
[EventDate "2010.02.20"]

1. d4 Nf6 2. Nf3 d5 3. e3 e6 4. c4 c6 5. Bd3 Nbd7 6. Nbd2 Bd6 7. O-O O-O 8. e4
dxe4 9. Nxe4 Nxe4 10. Bxe4 h6 11. Bc2 c5 12. b3 Qc7 13. Qd3 f5 14. Bb2 cxd4 15.
Qxd4 Nf6 16. h3 b6 17. Rad1 Bc5 18. Qe5 Qe7 19. Rfe1 Re8 20. Nd4 Bd7 1/2-1/2

[Event "Malaga op-13"]
[Site "Malaga"]
[Date "2010.02.23"]
[Round "5.6"]
[White "Berbatov, Kiprian"]
[Black "Terron Elena, Francisco Miguel"]
[Result "1-0"]
[WhiteElo "2455"]
[BlackElo "2278"]
[PlyCount "103"]
[EventDate "2010.02.20"]

1. e4 e6 2. d4 d5 3. e5 c5 4. c3 Nc6 5. Nf3 Bd7 6. a3 f6 7. b4 fxe5 8. dxe5 Qc7
9. Bf4 Nh6 10. Bd3 Nf7 11. O-O Be7 12. h4 c4 13. Bc2 O-O-O 14. Re1 Rdg8 15. Ng5
Nxg5 16. hxg5 g6 17. Nd2 h6 18. gxh6 g5 19. h7 Rg7 20. Qg4 Nd8 21. Nf3 Nf7 22.
Nd4 Kb8 23. Bg3 Qc8 24. f3 Ka8 25. Qh5 Be8 26. Kf2 Bf8 27. Qg4 Nd8 28. Rh1 Bg6
29. Bxg6 Rxg6 30. Rh5 Nf7 31. f4 Nh6 32. Qf3 gxf4 33. Bxf4 Rxh7 34. Ke2 Rf7 35.
Rah1 Qe8 36. g3 Qa4 37. Qe3 Ng4 38. Qc1 a6 39. Rh8 Qd7 40. Qc2 Rgg7 41. a4 Ka7
42. a5 Be7 43. Qb1 Rf8 44. R1h7 Rxh8 45. Rxh8 Bd8 46. Rxd8 Qxd8 47. Nxe6 Qh8
48. Nxg7 Qxg7 49. Qf5 Nh6 50. Qc8 Ng4 51. e6 Qxc3 52. Qb8# 1-0

[Event "Malaga op-13"]
[Site "Malaga"]
[Date "2010.02.23"]
[Round "5.7"]
[White "Gavilan Diaz, Mario"]
[Black "Matamoros Franco, Carlos S"]
[Result "0-1"]
[WhiteElo "2278"]
[BlackElo "2545"]
[PlyCount "56"]
[EventDate "2010.02.20"]

1. d4 Nf6 2. c4 g6 3. Nc3 Bg7 4. e4 d6 5. Nf3 O-O 6. Be2 e5 7. O-O Nc6 8. d5
Ne7 9. Ne1 Nd7 10. Be3 f5 11. f3 f4 12. Bf2 g5 13. Nb5 b6 14. b4 a6 15. Na3 Rf6
16. Nd3 Rh6 17. c5 Qe8 18. Kh1 b5 19. cxd6 cxd6 20. Nb1 Nf6 21. Nd2 Qh5 22. Bg1
Qg6 23. Rc1 Nh5 24. Rxc8+ Rxc8 25. Bf2 Ng3+ 26. Bxg3 fxg3 27. h3 Rh4 28. a4 Qh6
0-1

[Event "Malaga op-13"]
[Site "Malaga"]
[Date "2010.02.23"]
[Round "5.10"]
[White "Garcia Rodriguez, Victor"]
[Black "Rodriguez Lopez, Rafael"]
[Result "0-1"]
[WhiteElo "2137"]
[BlackElo "2314"]
[PlyCount "88"]
[EventDate "2010.02.20"]

1. e4 c6 2. d4 d5 3. e5 Bf5 4. Nc3 a6 5. a3 e6 6. g4 Bg6 7. Nge2 c5 8. h4 cxd4
9. Nxd4 h5 10. Nce2 hxg4 11. Nf4 Be4 12. Rg1 Nh6 13. Bd3 Nd7 14. c3 Bxd3 15.
Nxd3 Qxh4 16. Bf4 Qd8 17. Qa4 Qc8 18. O-O-O Qc4 19. Qc2 O-O-O 20. Bxh6 Rxh6 21.
Rxg4 Qc7 22. Re1 Kb8 23. Kb1 Rc8 24. Rf4 Nb6 25. Qb3 Nc4 26. Ka1 g5 27. Rg4 Rh5
28. Rg2 Ka8 29. Rg3 g4 30. Rxg4 Nxe5 31. Nxe5 Rxe5 32. Rxe5 Qxe5 33. Qa4 Bc5
34. Qb3 Qc7 35. Qa4 e5 36. Nc2 f5 37. Rg6 Ba7 38. Nb4 d4 39. cxd4 Bxd4 40. Nd3
Rd8 41. Qb3 e4 42. Nb4 Qc1+ 43. Ka2 Bxb2 44. Qxb2 Qc4+ 0-1

[Event "Malaga op-13"]
[Site "Malaga"]
[Date "2010.02.23"]
[Round "5.11"]
[White "Munoz Moreno, Francisco Javier"]
[Black "Lopez Gonzalez, Daniel"]
[Result "1/2-1/2"]
[WhiteElo "2295"]
[BlackElo "2202"]
[PlyCount "95"]
[EventDate "2010.02.20"]

1. Nf3 Nf6 2. c4 g6 3. Nc3 Bg7 4. e4 d6 5. d4 O-O 6. Be2 e5 7. d5 a6 8. O-O Bd7
9. Qc2 c5 10. dxc6 Bxc6 11. Rd1 Qe7 12. Bg5 Nbd7 13. Nd2 h6 14. Bh4 g5 15. Bg3
Nc5 16. f3 b5 17. cxb5 axb5 18. Bxb5 Bxb5 19. Nxb5 Rfb8 20. a4 d5 21. exd5 Nxd5
22. Ne4 Nxe4 23. Qxe4 Nf6 24. Qxe5 Qb7 25. Qf5 Rd8 26. b3 Nd5 27. Rac1 Ne3 28.
Rxd8+ Rxd8 29. Qe4 Qxe4 30. fxe4 Rd2 31. Bf2 Ng4 32. Bc5 Be5 33. h3 Nf6 34. a5
Ra2 35. b4 Nxe4 36. Bd4 Bf4 37. Re1 f5 38. Be3 Bg3 39. Rc1 f4 40. Bd4 f3 41.
gxf3 Bh2+ 42. Kf1 Nd2+ 43. Ke1 Nxf3+ 44. Kf1 Nd2+ 45. Ke1 Nf3+ 46. Kf1 Nd2+ 47.
Ke1 Nf3+ 48. Kf1 1/2-1/2

[Event "Malaga op-13"]
[Site "Malaga"]
[Date "2010.02.23"]
[Round "5.12"]
[White "Naranjo Moreno, Antonio"]
[Black "Anaya Lopez, Victor Jose"]
[Result "1-0"]
[WhiteElo "2290"]
[BlackElo "2157"]
[PlyCount "65"]
[EventDate "2010.02.20"]

1. e4 c5 2. Nf3 Nc6 3. d4 cxd4 4. Nxd4 Nf6 5. Nc3 e5 6. Ndb5 d6 7. Bg5 a6 8.
Na3 b5 9. Bxf6 gxf6 10. Nd5 Bg7 11. Bd3 Ne7 12. Nxe7 Qxe7 13. c4 f5 14. O-O O-O
15. Qh5 Rb8 16. exf5 e4 17. Rae1 Bb7 18. Qg4 Rfe8 19. cxb5 d5 20. bxa6 Bc6 21.
b3 Kh8 22. Nc2 Be5 23. Be2 d4 24. Bc4 Rg8 25. Qh3 Rg7 26. g3 Rbg8 27. Qh6 Ba8
28. a3 e3 29. Nxe3 dxe3 30. Qxe3 Qh4 31. Qxe5 f6 32. Qd6 Rc8 33. Bd5 1-0

[Event "Malaga op-13"]
[Site "Malaga"]
[Date "2010.02.23"]
[Round "5.13"]
[White "Camacho Collados, Marcos"]
[Black "Lara Granero, Bio"]
[Result "1/2-1/2"]
[WhiteElo "2284"]
[BlackElo "2026"]
[PlyCount "96"]
[EventDate "2010.02.20"]

1. e4 c5 2. Nf3 Nc6 3. d4 cxd4 4. Nxd4 e5 5. Nb5 d6 6. N1c3 a6 7. Na3 b5 8. Nd5
Nf6 9. Bg5 Be7 10. Nxe7 Nxe7 11. Bd3 d5 12. Bxf6 gxf6 13. exd5 Qxd5 14. Be2 Bb7
15. Qxd5 Bxd5 16. f3 Rc8 17. c3 Nf5 18. Kf2 Ke7 19. Rhd1 Rhd8 20. Bd3 Be6 21.
Nc2 Nd6 22. Ne3 f5 23. Be2 Nc4 24. Bxc4 bxc4 25. Nc2 a5 26. g3 Rxd1 27. Rxd1
Rb8 28. Rb1 f4 29. Na3 fxg3+ 30. hxg3 Kf6 31. g4 h5 32. gxh5 Bf5 33. Rh1 Rxb2+
34. Kg3 Bd3 35. h6 Rb8 36. Rh4 Rg8+ 37. Kf2 Rc8 38. Rg4 Rh8 39. Nxc4 Rxh6 40.
Nxa5 Rh2+ 41. Ke3 Ba6 42. Nc4 Rxa2 43. Re4 Bxc4 44. Rxc4 Kf5 45. Rc7 f6 46. Rc8
Ra4 47. Rc6 Kg5 48. Rc5 Kf5 {=} 1/2-1/2

[Event "Malaga op-13"]
[Site "Malaga"]
[Date "2010.02.23"]
[Round "5.14"]
[White "Ortega Valle, Jose Ramon"]
[Black "Karim, Ismael"]
[Result "0-1"]
[WhiteElo "2054"]
[BlackElo "2386"]
[PlyCount "64"]
[EventDate "2010.02.20"]

1. c4 Nf6 2. Nc3 g6 3. g3 Bg7 4. Bg2 O-O 5. d4 d6 6. e4 Nc6 7. Nge2 a6 8. O-O
Bg4 9. f3 Bd7 10. Be3 Rb8 11. a4 a5 12. Qd2 Nb4 13. e5 Ne8 14. f4 c6 15. Ne4 d5
16. cxd5 cxd5 17. Ng5 Nc7 18. Nc3 Bf5 19. Rac1 f6 20. Nf3 Bd3 21. Rf2 Be4 22.
Ne1 Bxg2 23. Kxg2 fxe5 24. fxe5 Rxf2+ 25. Bxf2 Qd7 26. Nd3 Qf5 27. Nxb4 axb4
28. Nd1 Ne6 29. Kg1 Ng5 30. Qc2 Rf8 31. h4 Nf3+ 32. Kg2 Qg4 0-1

[Event "Malaga op-13"]
[Site "Malaga"]
[Date "2010.02.23"]
[Round "5.15"]
[White "Quillan, Gary"]
[Black "Ladron De Guevara Pinto, Paolo"]
[Result "1-0"]
[WhiteElo "2364"]
[BlackElo "2079"]
[PlyCount "57"]
[EventDate "2010.02.20"]

1. e4 e6 2. d4 d5 3. Nd2 Nf6 4. e5 Nfd7 5. c3 c5 6. Bd3 Nc6 7. Ne2 cxd4 8. cxd4
f6 9. exf6 Nxf6 10. O-O Bd6 11. Nf3 Qc7 12. Bg5 O-O 13. Rc1 h6 14. Bd2 Bd7 15.
Bb1 Rae8 16. Bc3 Re7 17. Ng3 Be8 18. Re1 Ng4 19. a3 Kh8 20. Re2 g5 21. Qd3 a6
22. Rce1 Nd8 23. Qd2 Rg8 24. Ba5 b6 25. Bb4 a5 26. Bxd6 Qxd6 27. Nf5 Qd7 28.
Nxe7 Qxe7 29. Bf5 1-0

[Event "Malaga op-13"]
[Site "Malaga"]
[Date "2010.02.23"]
[Round "5.16"]
[White "Picazo Lopez, Juan Antonio"]
[Black "Aranaz Murillo, Amalia"]
[Result "1/2-1/2"]
[WhiteElo "2269"]
[BlackElo "2057"]
[PlyCount "120"]
[EventDate "2010.02.20"]

1. d4 d5 2. c4 c6 3. Nc3 Nf6 4. Bg5 dxc4 5. a4 Qa5 6. Bxf6 exf6 7. e3 Bb4 8.
Qc1 Be6 9. Nf3 Nd7 10. Nd2 Nb6 11. Be2 O-O 12. O-O Rac8 13. Rd1 Rfd8 14. Nce4
f5 15. Ng5 c3 16. bxc3 Bxc3 17. Nxe6 Bxd2 18. Rxd2 fxe6 19. Rc2 Nd5 20. Rb1 Qc7
21. Qb2 Rd7 22. Bc4 Re7 23. Qa3 Qd8 24. Rcb2 Rcc7 25. Qc5 a6 26. a5 Qd7 27. Rb3
Kh8 28. g3 Nf6 29. f3 Ne8 30. Bd3 Qd5 31. Qa3 Nd6 32. Kg2 Nb5 33. Qc1 h6 34.
Bc4 Qd8 35. Qc2 Rcd7 36. Ra1 Re8 37. Kg1 {=} Qf6 38. Ra2 Red8 39. Qe2 g6 40.
Kg2 h5 41. f4 Kg7 42. Rc2 Nd6 43. Bd3 Rc8 44. Rc5 Rcc7 45. h3 Nf7 46. Bc4 Nd6
47. Bd3 Nf7 48. Bc4 Kh6 49. h4 Rd5 50. Bxd5 exd5 51. Qc2 Re7 52. Qb1 Nd6 53.
Kf3 Qf7 54. Rcc3 Nc4 55. Qa2 Qe6 56. Rxc4 dxc4 57. Rc3 Qe4+ 58. Kf2 Qh1 59.
Qxc4 Qh2+ 60. Kf3 Qh1+ 1/2-1/2

[Event "Malaga op-13"]
[Site "Malaga"]
[Date "2010.02.23"]
[Round "5.17"]
[White "Fomani, Mehdi"]
[Black "Spence, David J"]
[Result "0-1"]
[WhiteElo "2029"]
[BlackElo "2268"]
[PlyCount "92"]
[EventDate "2010.02.20"]

1. d4 e6 2. Nf3 Nf6 3. g3 d5 4. Bg2 Be7 5. O-O O-O 6. Nbd2 b6 7. Re1 Bb7 8. c3
c5 9. Ne5 Nc6 10. Nxc6 Bxc6 11. Nf3 Rc8 12. Bg5 h6 13. Bf4 b5 14. Ne5 Ba8 15.
a3 a5 16. Be3 c4 17. Bd2 Rb8 18. b4 cxb3 19. Qxb3 Ne4 20. Bxe4 dxe4 21. Reb1
Bd6 22. Ng4 Bd5 23. Qd1 a4 24. Ne3 Bb3 25. Rxb3 axb3 26. Qxb3 Qd7 27. Qc2 f5
28. Ng2 Ra8 29. Qb3 Kh7 30. Bf4 Be7 31. h4 Ra4 32. Bc1 g5 33. hxg5 hxg5 34. Qc2
Kg6 35. g4 Rh8 36. f4 exf3 37. gxf5+ exf5 38. exf3 Bd6 39. Qd2 Rh5 40. Qe2 Ra8
41. Kf2 Re8 42. Qd2 Qc7 43. a4 Bg3+ 44. Kg1 Qh7 45. Nh4+ Bxh4 46. axb5 Bf2+ 0-1

[Event "Malaga op-13"]
[Site "Malaga"]
[Date "2010.02.23"]
[Round "5.19"]
[White "Corrales Ibanez, Pedro Luis"]
[Black "Fernandez Garcia, Jose Miguel"]
[Result "0-1"]
[WhiteElo "2016"]
[BlackElo "2225"]
[PlyCount "56"]
[EventDate "2010.02.20"]

1. e4 c5 2. d4 cxd4 3. c3 dxc3 4. Nxc3 Nc6 5. Nf3 Nf6 6. Bc4 e6 7. O-O Qc7 8.
Qe2 Ng4 9. g3 a6 10. Bf4 Nce5 11. Nxe5 Nxe5 12. Bb3 d6 13. Rac1 Qb8 14. a4 b6
15. Be3 Be7 16. f4 Nd7 17. Ba2 O-O 18. f5 Ne5 19. g4 b5 20. a5 b4 21. Na4 b3
22. Bb1 Bd7 23. g5 Bxa4 24. f6 Bb5 25. Qh5 Bxf1 26. Rxf1 Re8 27. Rf4 g6 28. Qh3
Bf8 0-1

[Event "Malaga op-13"]
[Site "Malaga"]
[Date "2010.02.23"]
[Round "5.20"]
[White "Nava Baro, Enrique"]
[Black "Garcia Albarracin, Jose Antonio"]
[Result "1/2-1/2"]
[WhiteElo "2208"]
[BlackElo "2006"]
[PlyCount "60"]
[EventDate "2010.02.20"]

1. d4 d5 2. c4 c6 3. Nf3 Nf6 4. e3 a6 5. b3 b5 6. Bd3 Bg4 7. h3 Bxf3 8. Qxf3
Nbd7 9. cxd5 cxd5 10. Bb2 Qa5+ 11. Bc3 b4 12. Bb2 e6 13. Qg3 Ne4 14. Bxe4 dxe4
15. Nd2 Nf6 16. Nc4 Qd8 17. O-O Nh5 18. Qg4 Nf6 19. Qe2 Bd6 20. a3 O-O 21. Nxd6
Qxd6 22. axb4 Qd5 23. Rxa6 Qxb3 24. b5 Rab8 25. Ra5 Nd5 26. Rc1 Qb4 27. Rca1
Rfc8 28. R1a4 Qb3 29. Ra3 Qb4 30. R3a4 Qb3 1/2-1/2

[Event "Malaga op-13"]
[Site "Malaga"]
[Date "2010.02.23"]
[Round "5.21"]
[White "Gutierrez Castillo, Paloma"]
[Black "Lopez Guerrero, Jose Miguel"]
[Result "1-0"]
[WhiteElo "2161"]
[BlackElo "2001"]
[PlyCount "104"]
[EventDate "2010.02.20"]

1. e4 c5 2. Nf3 Nc6 3. Bb5 g6 4. Bxc6 dxc6 5. d3 Bg7 6. h3 Nf6 7. Nc3 O-O 8.
Be3 b6 9. Qd2 Re8 10. O-O Nd7 11. Nh2 e5 12. Ng4 Qe7 13. f4 h5 14. Nxe5 Nxe5
15. fxe5 Qxe5 16. Kh1 Be6 17. a4 Qc7 18. Rae1 Qd7 19. Rf3 Kh7 20. Ne2 f5 21.
Ng3 fxe4 22. Nxe4 Bd5 23. Ng5+ Kg8 24. Rff1 Rad8 25. b3 Kh8 26. Qf2 Rf8 27. Qh4
Rde8 28. Rxf8+ Rxf8 29. c4 Bg8 30. g4 Qxd3 31. gxh5 Rf1+ 32. Bg1 Bd5+ 33. cxd5
Qxd5+ 34. Ne4 g5 35. Qg3 Rf4 36. Qg2 Qf7 37. Qxg5 Rf3 38. Qg4 Qxb3 39. Ng5 Rf8
40. Ne6 Qd5+ 41. Re4 Rf7 42. Ng5 Rf5 43. h4 Bh6 44. Nf3 Bf8 45. Rf4 Rxf4 46.
Qxf4 Bg7 47. h6 Bc3 48. Kh2 Kh7 49. Ng5+ Kg6 50. Qe4+ Kh5 51. Kh3 Qd7+ 52. Ne6
Qd5 1-0

[Event "Malaga op-13"]
[Site "Malaga"]
[Date "2010.02.23"]
[Round "5.23"]
[White "Ramos Cantos, Juan Jesus"]
[Black "Rodriguez Perez, Angel Mariano"]
[Result "0-1"]
[WhiteElo "1921"]
[BlackElo "2089"]
[PlyCount "116"]
[EventDate "2010.02.20"]

1. e4 d6 2. Nf3 g6 3. d4 Bg7 4. Nc3 Nf6 5. Bd3 O-O 6. O-O c5 7. d5 e6 8. Bg5
Qb6 9. Rb1 exd5 10. Nxd5 Nxd5 11. exd5 Na6 12. a3 Bd7 13. Qd2 Rfe8 14. Bh6 Rac8
15. Bxg7 Kxg7 16. c4 Qd8 17. Ng5 h6 18. Ne4 Bf5 19. Qc3+ f6 20. f3 Bxe4 21.
fxe4 Nb8 22. b4 Nd7 23. b5 Ne5 24. Be2 b6 25. a4 Qe7 26. Ra1 Nf7 27. a5 Ra8 28.
Rf2 Qe5 29. Qxe5 Nxe5 30. a6 Re7 31. Raf1 Rf8 32. Kh1 h5 33. h3 g5 34. Rf5 Ng6
35. Bxh5 Rxe4 36. Bxg6 Kxg6 37. g4 Rxc4 38. Re1 Rc3 39. Kg2 Rc2+ 40. Kg3 Rc3+
41. Kg2 Rb3 42. Re6 Rxb5 43. Rxd6 Ra5 44. Re6 Rxa6 45. d6 Ra2+ 46. Kf3 Rd2 47.
Ke4 Rd4+ 48. Ke3 Rf7 49. Ke2 c4 50. Ke3 Rd3+ 51. Ke4 Rd1 52. Rf3 b5 53. h4 b4
54. h5+ Kg7 55. h6+ Kxh6 56. Kf5 Kg7 57. Rh3 c3 58. Re8 Rf1+ 0-1

[Event "Malaga op-13"]
[Site "Malaga"]
[Date "2010.02.23"]
[Round "5.24"]
[White "Jimenez Ruiz, Jose Carlos"]
[Black "Jimenez Martinez, Jose Vicente"]
[Result "0-1"]
[WhiteElo "1979"]
[BlackElo "2241"]
[PlyCount "66"]
[EventDate "2010.02.20"]

1. c4 g6 2. g3 Bg7 3. Bg2 d6 4. Nc3 e5 5. e4 Be6 6. d3 Qd7 7. Nge2 Bh3 8. O-O
Bxg2 9. Kxg2 Nf6 10. Nd5 Nxd5 11. cxd5 O-O 12. Be3 c5 13. Qd2 Na6 14. a3 Nc7
15. b4 b6 16. a4 f5 17. f3 h5 18. bxc5 bxc5 19. Rab1 Na6 20. Rb5 Nb4 21. Nc3
Qc7 22. a5 Qd7 23. a6 Nxa6 24. Ra1 Nb4 25. Rba5 Rfb8 26. Na4 Rb5 27. Nb2 f4 28.
Bf2 g5 29. Nc4 Rxa5 30. Rxa5 Bf8 31. h4 g4 32. gxf4 gxf3+ 33. Kxf3 Qg4+ 0-1

[Event "Malaga op-13"]
[Site "Malaga"]
[Date "2010.02.23"]
[Round "5.25"]
[White "Picasso Gallego, Nicolas"]
[Black "Cuenca Jimenez, Francisco Javie"]
[Result "1/2-1/2"]
[WhiteElo "1974"]
[BlackElo "2205"]
[PlyCount "83"]
[EventDate "2010.02.20"]

1. d4 Nf6 2. c4 c5 3. d5 b5 4. cxb5 a6 5. bxa6 Bxa6 6. Nc3 g6 7. Nf3 d6 8. e4
Bxf1 9. Kxf1 Bg7 10. g3 Nbd7 11. h3 O-O 12. Kg2 Qa5 13. Re1 Rfb8 14. Re2 Ne8
15. Rc2 Nc7 16. Bg5 Re8 17. Rac1 Nb6 18. Qe2 h6 19. Be3 Na4 20. Nxa4 Qxa4 21.
Qd3 Na6 22. a3 Reb8 23. e5 dxe5 24. Rc4 Qb5 25. R1c2 f5 26. Qd2 e4 27. Nh4 Kh7
28. Bxc5 Nxc5 29. Rxc5 Qd3 30. Qxd3 exd3 31. Rd2 Rb3 32. Rc7 Rd8 33. Rxe7 Rxd5
34. Nf3 Kg8 35. Ne1 Bxb2 36. Re3 Bxa3 37. Rdxd3 Rbxd3 38. Rxd3 Rxd3 39. Nxd3
Bd6 40. f4 Kf7 41. Kf3 Ke6 42. g4 1/2-1/2

[Event "Malaga op-13"]
[Site "Malaga"]
[Date "2010.02.23"]
[Round "5.26"]
[White "Charleshouse, Glenn L"]
[Black "Borrego Gil, Diego"]
[Result "1-0"]
[WhiteElo "2203"]
[BlackElo "1966"]
[PlyCount "75"]
[EventDate "2010.02.20"]

1. e4 c5 2. Nf3 Nc6 3. d3 d6 4. g3 g6 5. Bg2 Bg7 6. O-O Nf6 7. c3 O-O 8. Re1 e5
9. a3 a5 10. a4 Bd7 11. Na3 Na7 12. Nd2 b5 13. axb5 Nxb5 14. Nac4 Qc7 15. Nf1
Bc6 16. Nfe3 Rfd8 17. Nd5 Nxd5 18. exd5 Bd7 19. f4 Ra6 20. fxe5 Bxe5 21. Bh6
Re8 22. Qf3 a4 23. Rf1 f5 24. g4 Bg7 25. Bxg7 Kxg7 26. Rae1 Raa8 27. g5 a3 28.
bxa3 Nxc3 29. h4 Bb5 30. Re6 Bxc4 31. dxc4 Ne4 32. Qd1 Rxe6 33. dxe6 Rf8 34.
Bxe4 fxe4 35. Qa1+ Kg8 36. Rxf8+ Kxf8 37. Qh8+ Ke7 38. Qg7+ 1-0

[Event "Malaga op-13"]
[Site "Malaga"]
[Date "2010.02.23"]
[Round "5.28"]
[White "Navia Martin, Sergio"]
[Black "Ramos Moreno, Francisco Jose"]
[Result "0-1"]
[WhiteElo "1953"]
[BlackElo "2132"]
[PlyCount "88"]
[EventDate "2010.02.20"]

1. d4 b6 2. Nf3 Bb7 3. g3 e6 4. c4 f5 5. Bg2 Nf6 6. O-O g6 7. Nc3 Bg7 8. b4 O-O
9. Qb3 Ne4 10. Bb2 d5 11. Nxe4 dxc4 12. Qe3 Bxe4 13. Nd2 Bd5 14. Nxc4 Bxg2 15.
Kxg2 Qd5+ 16. Qf3 Qxf3+ 17. exf3 Nc6 18. Rfe1 Rfe8 19. a3 Nxd4 20. Rac1 Rac8
21. Ne5 c5 22. f4 Bxe5 23. fxe5 Nb3 24. Rcd1 Red8 25. Rd6 Rxd6 26. exd6 Kf7 27.
Re3 c4 28. Bc3 Rd8 29. Be5 Nc1 30. Rc3 Nd3 31. f4 b5 32. Kf3 g5 33. Ke3 a6 34.
Kd4 g4 35. a4 Nxb4 36. axb5 axb5 37. Kc5 Nd5 38. Ra3 c3 39. Ra7+ Kg6 40. Kxb5
c2 41. Ra1 Rb8+ 42. Kc6 Rb1 43. Ra8 c1=Q+ 44. Kd7 Nb6+ 0-1

[Event "Malaga op-13"]
[Site "Malaga"]
[Date "2010.02.23"]
[Round "5.29"]
[White "Garzon Rodriguez, Jose Manuel"]
[Black "Cardoso Garcia, Sergio"]
[Result "1-0"]
[WhiteElo "1909"]
[BlackElo "2125"]
[PlyCount "107"]
[EventDate "2010.02.20"]

1. e4 c5 2. Nf3 d6 3. d4 cxd4 4. Nxd4 Nf6 5. Bd3 Nc6 6. Nxc6 bxc6 7. O-O g6 8.
b3 Bg7 9. Bb2 O-O 10. Nd2 Ng4 11. Bxg7 Kxg7 12. Be2 Nf6 13. c4 c5 14. Qc2 a5
15. a4 Rb8 16. f3 Qb6 17. Bd1 Ne8 18. Nb1 Nc7 19. Nc3 Bb7 20. Qb2 e5 21. Nb5
Ne6 22. Bc2 Nd4 23. Rad1 Ba6 24. Rd2 Bxb5 25. axb5 f6 26. Bd1 h5 27. Qc3 g5 28.
Ra2 Ra8 29. Ra4 Kh6 30. Rf2 Ra7 31. Rfa2 Rfa8 32. Qd2 Kg6 33. g3 Ne6 34. Be2
Nd4 35. Bd1 Kh6 36. f4 gxf4 37. gxf4 Rg7+ 38. Kf2 Rag8 39. f5+ Kh7 40. Bf3 Qb7
41. Ke3 Nxf3 42. Qe2 Rg4 43. Qxf3 Qg7 44. Rxa5 Qg5+ 45. Kd3 Rf4 46. Ra7+ Kh6
47. Qe2 Qh4 48. Rf7 Rg1 49. Ra8 Qh3+ 50. Kc2 Rc1+ 51. Kxc1 Qc3+ 52. Kb1 Qxb3+
53. Ka1 Qc3+ 54. Ka2 1-0